Literary Characters’ Creators #1 - Statistics

General Stats
  • This quiz has been taken 107 times
  • The average score is 7 of 10
Answer Stats
Character Creator % Correct
Jay Gatsby F. Scott Fitzgerald
94%
Victor Frankenstein Mary Shelley
92%
Miss Marple Agatha Christie
81%
Captain Ahab Herman Melville
76%
Holden Caulfield J. D. Salinger
73%
Jo March Louisa May Alcott
72%
Phileas Fogg Jules Verne
67%
Holly Golightly Truman Capote
57%
Lisbeth Salander Stieg Larsson
43%
Anne Shirley L. M. Montgomery
27%
No matching quizzes found
Score Distribution
Percent of People with Each Score
Percentile by Number Answered
Your Score History
You have not taken this quiz